LIBRARY ONLINE CATALOGUE

Engineer in East Africa. (Record no. 13554)

MARC details
000 -LEADER
fixed length control field 00575nam a22001932 4500
001 - CONTROL NUMBER
control field 0000012924
005 - DATE AND TIME OF LATEST TRANSACTION
control field 20151217155854.0
008 - FIXED-LENGTH DATA ELEMENTS--GENERAL INFORMATION
fixed length control field 090402s xx 000 0 eng d
040 ## - CATALOGING SOURCE
Original cataloging agency KABU
Transcribing agency KABU
110 2# - MAIN ENTRY--CORPORATE NAME
Corporate name or jurisdiction name as entry element University Press of East Africa.
-- 0000169931
245 10 - TITLE STATEMENT
Title Engineer in East Africa.
250 ## - EDITION STATEMENT
Edition statement 1st ed.
260 ## - PUBLICATION, DISTRIBUTION, ETC. (IMPRINT)
Place of publication, distribution, etc. Nairobi :
Name of publisher, distributor, etc. University Press of East Africa,
Date of publication, distribution, etc. 1972.
300 ## - PHYSICAL DESCRIPTION
Extent 272 p.
650 #0 - SUBJECT ADDED ENTRY--TOPICAL TERM
Topical term or geographic name as entry element Engineering
Geographic subdivision Africa, East.
-- 0000169932
852 1# - LOCATION
-- p500 KES
908 ## - PUT COMMAND PARAMETER (RLIN)
Put command parameter 090402
950 ## - LOCAL HOLDINGS (RLIN)
-- 1
Holdings
Withdrawn status Lost status Source of classification or shelving scheme Not for loan Home library Current library Date acquired Total Checkouts Full call number Barcode Date last seen Price effective from Koha item type
    Library of Congress Classification   Kabarak, Main Campus Kabarak, Main Campus 17/12/2015   TA157 .U55 1972 c. 1 17472 17/12/2015 17/12/2015 Africana Collection